Statystyki dla Stolice świata najbliżej Honolulu

Kliknij tutaj aby rozwiązać quiz!

Ogólne statystyki

  • Ten quiz został rozwiązany 96 razy
  • Średni wynik to 6 z 20

Statystyki odpowiedzi

kmstolica% Poprawnych
6206Tokio
79%
6096Meksyk
67%
7316Seul
53%
7391Pjongjang
42%
5098Suva
42%
7118Gwatemala
32%
7284San Salvador
28%
4200Apia
25%
4991Palikir
25%
7216Belmopan
22%
6915Port Moresby
22%
5089Nuku'alofa
21%
7477Tegucigalpa
21%
4537Yaren
21%
5744Honiara
20%
5702Port Vila
18%
7390Ngerulmud
17%
3666Majuro
15%
3860Tarawa
14%
4161Funafuti
13%

Rozkład punktacji

Percentyl według liczby udzielonych odpowiedzi

Procent ludzi z każdym wynikiem

Twoja historia wyników

Nie rozwiązałeś tego quizu